LEADER 01960nam2 22003253i 450 001 CAG0809684 005 20170908093257.0 100 $a20061019d1862 ||||0itac50 ba 101 | $alat 102 $afr 181 1$6z01$ai $bxxxe 182 1$6z01$an 200 1 $a˜81: œSancti Isidori Hispalensis episcopi opera omnia$eRomae anno domini 1797 excusa recensente Faustino Arevalo ...$etomus primus$faccurante et denuo recognoscente J.-P. Migne 210 $aLutetiae Parisiorum$cMigne$d1862 215 $a976 col.$d28 cm 300 $aIn testa al front.: Saeculum 7. annus 636. 461 1$1001PUV0698208$12001 $aPatrologiae cursus completus, seu bibliotheca universalis, integra, uniformis, commoda, oeconomica, omnium SS. Patrum, doctorum scriptorumque ecclesiasticorum, sive latinorum, qui ab aevo apostolico ad tempora Innocentii 3. (anno 1216) pro Latinis et Concilii Florentini (ann. 1439) pro Graecis floruerunt: Recusio chronologica ...$cSeries latina, in qua prodeunt patres, doctores scriptoresque ecclesiae latinae a Tertulliano ad Innocentim 3.$faccurante J. P. Migne$v81 700 0$aIsidorus : Hispalensis$c $3CFIV084639$4070$0714440 702 1$aArévalo$b, Faustino$f <1747-1824>$3RAVV106852 790 0$aIsidoro : di Siviglia$c $3CFIV051610$zIsidorus : Hispalensis 790 0$aIsidorus Hispalensis$c $3CFIV055797$zIsidorus : Hispalensis 790 0$aIsidoro$c $3MILV127253$zIsidorus : Hispalensis 790 0$aIsidoro : de Sevilla$3PUVV164390$zIsidorus : Hispalensis 801 3$aIT$bIT-NA0079$c20061019 850 $aIT-BN0064 912 $aCAG0809684 950 2$aBiblioteca Pio XI del Seminario arcivescovile$cv. 1-81$d BPPATROL. B 1$e BP 0000023995 R (81 v. 81$fZ $h20061019$i20061019 977 $a BP 996 $aSancti Isidori Hispalensis episcopi opera omnia$91484278 997 $aUNISANNIO LEADER 04039nam 2200805 a 450 001 9910154647003321 005 20241226110849.0 010 $a9780761929758 010 $a0761929754 010 $a9781452236087 010 $a1452236089 010 $a9781322282893 010 $a1322282897 010 $a9781452222165 010 $a1452222169 035 $a(CKB)2670000000240420 035 $a(EBL)996347 035 $a(OCoLC)809771762 035 $a(SSID)ssj0000675446 035 $a(PQKBManifestationID)12311516 035 $a(PQKBTitleCode)TC0000675446 035 $a(PQKBWorkID)10669117 035 $a(PQKB)10849981 035 $a(MiAaPQ)EBC996347 035 $a(OCoLC)1007859458 035 $a(StDuBDS)EDZ0000085022 035 $a(MiAaPQ)EBC5574545 035 $a226179 035 $a(EXLCZ)992670000000240420 100 $a20120516d2006 fy| 0 101 0 $aeng 135 $aur||||||||||| 181 $ctxt 182 $cc 183 $acr 200 10$aChildren, adolescents, and media violence $ea critical look at the research /$fSteven J. Kirsh 210 $aThousand Oaks, Calif. ;$aLondon $cSAGE$dc2006 215 $a1 online resource (xix, 409 p.) $cill 300 $aDescription based upon print version of record. 311 08$a9780761929765 311 08$a0761929762 311 08$a9781452204253 311 08$a145220425X 320 $aIncludes bibliographical references (pages 345-379) and indexes. 327 $aCover; Contents; Preface; Acknowledgments; Part I - Understanding Aggression; Chapter 1 - There and Back Again: A Media Violence Tale; Chapter 2 - Exposing the Beast Within: Aggressive Behavior Across Development; Chapter 3 - Understanding the Beast Within: Theories of Aggressive Behavior; Chapter 4 - Dining on Death and Destruction: The How Much and Why of Violent Media Consumption; Part II: Effects of Specific Forms of Violent Media on Youth; Chapter 5 - Violent Media and the Need to Feel Strong and Powerful; Chapter 6 - Watching the Playful Beast: Sports Violence and Aggression 327 $aChapter 7 - Violence-Laden Imagination: Comic Books, Fiction, and ToysChpater 8 - Animating the Beast: Cartoon Violence; Chapter 9 - Listening to the Beast: Violence in Music and Music Videos; Chapter 10 - Watching the Beast: Live-Action Television and Movie Violence; Chapter 11 - Playing With the Beast: Violent Video Games; Part III: Media Violence and the Concept of Risk; Chapter 12 - Aggressive Behavior: Risk and Protective Factors; Chapter 13 - The Threat of Media Violence: Assessing Its Magnitude and Reducing Its Effects; Chapter 14 - Policy, Violent Entertainment, and Youth 327 $aPart IV - Nonviolent Media and YouthChapter 15 - The Good, the Bad, and the Ugly: Effects of Nonviolent Media on Children and Adolescents; References; Author Index; Subject Index; About the Author 330 8 $aKirsh provides a review and critique of the literature related to media violence in all its forms during childhood and adolescence. Special attention is paid to evaluating the role of the development processes in media violence research and to stressing the importance of methodology in understanding that research. 606 $aMass media and children 606 $aMass media and teenagers 606 $aChildren and violence 606 $aYouth and violence 606 $aViolence in mass media 606 $aAggressiveness in children 606 $aAggressiveness in adolescence 615 0$aMass media and children. 615 0$aMass media and teenagers. 615 0$aChildren and violence. 615 0$aYouth and violence. 615 0$aViolence in mass media. 615 0$aAggressiveness in children. 615 0$aAggressiveness in adolescence. 676 $a302.23083 700 $aKirsh$b Steven J$0935680 801 0$bStDuBDS 801 1$bStDuBDS 906 $aBOOK 912 $a9910154647003321 996 $aChildren, adolescents, and media violence$92495811 997 $aUNINA